Autolysis of Lactococcus lactis caused by induced overproduction of its major autolysin, AcmA /
Đã lưu trong:
| Tác giả khác: | , , , , , |
|---|---|
| Định dạng: | Bài viết |
| Ngôn ngữ: | English |
| Những chủ đề: | |
| Các nhãn: |
Thêm thẻ
Không có thẻ, Là người đầu tiên thẻ bản ghi này!
|
| Thư viện lưu trữ: | Thư viện Trường Đại học Đà Lạt |
|---|
| LEADER | 01071nam a2200385 4500 | ||
|---|---|---|---|
| 001 | DLU090096135 | ||
| 005 | ##20091201 | ||
| 040 | # | # | |a DLU |b eng |
| 041 | # | # | |a eng |
| 044 | # | # | |a us |
| 245 | # | # | |a Autolysis of Lactococcus lactis caused by induced overproduction of its major autolysin, AcmA / |c G. Buist ... [et al.]. |
| 653 | # | # | |a Autolysin |
| 653 | # | # | |a Autolysis |
| 653 | # | # | |a Bacteria |
| 653 | # | # | |a Enzyme |
| 653 | # | # | |a Hybrid gene |
| 653 | # | # | |a Lactococcus lactis |
| 653 | # | # | |a Mutation |
| 653 | # | # | |a Plasmid |
| 700 | # | # | |a Buist, G. |
| 700 | # | # | |a Karsens, H. |
| 700 | # | # | |a Kok, J. |
| 700 | # | # | |a Nauta, A. |
| 700 | # | # | |a Sinderen, D. van. |
| 700 | # | # | |a Venema, G. |
| 773 | # | # | |t Applied and Environmental Microbiology |g Vol. 63, no. 7 (April 1997), p. 2722-2728 |
| 920 | # | # | |a Phòng Tạp chí -- Trung tâm Thông tin - Thư viện Trường Đại học Đà Lạt |
| 994 | # | # | |a DLU |
| 900 | # | # | |a True |
| 911 | # | # | |a Trương Bảo Trâm Anh |
| 925 | # | # | |a G |
| 926 | # | # | |a A |
| 927 | # | # | |a BB |
| 980 | # | # | |a Thư viện Trường Đại học Đà Lạt |